000 00712cam a2200241u 4500
001 9843594
003 ARRUPE
005 20220524072914.0
008 810213s1962 nyu 000 0 eng
010 _a 62009463
040 _aDLC
_cCarP
_dDLC
043 _af------
050 0 0 _aDT30
_b.R5
100 1 _aRivkin, Arnold.
_951765
245 1 0 _aAfrica and the West;
_belements of free-world policy
_cArnold Rivkin
260 _aLondon,
_bThames
_c[1962]
300 _a241p. ;
_c21cm.
651 0 _aAfrica
_xMilitary policy.
_951766
651 0 _aAfrica
_xSocial policy.
_951767
651 0 _aAfrica
_xEconomic policy.
_912207
906 _a0
_bcbc
_cpremunv
_du
_encip
_f19
_gy-gencatlg
942 _2lcc
_cMONOGRAPH
999 _c131497
_d131497